• 首页
  • 本馆介绍
  • 公告通知
  • 最新文献
  • 馆藏检索
  • 电子资源
  • 读者导购
  • 参考咨询
  • 我的图书馆
  • 登录
  • 详细信息显示
  • 放入我的书架
  • 预约/预借图书
  • 作者相关作品
  • 分类相关作品
  • 丛书相关作品
  • 出版社相关作品

书目信息

  • 表格格式
  • 工作单格式
  • 卡片格式
题名:
非洲简史
    
 
作者: 科克里-维德罗维什 著 ;金海波, 译
分册:  
出版信息: 北京   民主与建设出版社  2018
页数: 251页
开本: 24cm
丛书名:
单 册:
中图分类: K400
科图分类:
主题词:
电子资源:
ISBN: 978-7-5139-1853-4
000 01485cam0 2200289 45
001 012001004265
005 20140928162349.0
010    @a978-7-5139-1853-4@dCNY45.00
100    @a20180122d2018 em y0chiy50 ea
101 1  @achi@cfre
102    @aCN@b110000
105    @ab a 000yy
106    @ar
200 1  @a非洲简史@9fei zhou jian shi@d= Petite histoire de L'Afrique@e从人类起源到种族、宗教与革命@f(法) 凯瑟琳·科克里-维德罗维什著@g金海波译@zfre
210    @a北京@c民主与建设出版社@d2018
215    @a251页@c地图@d24cm
314    @a凯瑟琳·科克里-维德罗维什, 出生于1935年11月25日, 法国“巴黎七大”(狄德罗大学) 荣誉教授。
320    @a有书目 (第247-249页)
330    @a非洲是人类文明的发源地之一, 也是地球上人类历史发展最悠久的一片土地。《非洲简史》一书, 面向的是广大对非洲历史充满好奇的读者, 依据多个世纪以来历史学家和其他相关人士的研究与考查结果进行撰写, 并不打算为读者提供一份详尽的非洲历史报告, 但也不想漏过任何一个重要的发展进程。作者希望通过本书, 帮助读者快速、准确了解真正的非洲: 她厚重的历史与文化以及充满活力与希望的未来。
500 10 @aPetite histoire de L'Afrique@mChinese
517 1  @a从人类起源到种族、宗教与革命@9cong ren lei qi yuan dao zhong zu 、 zong jiao yu ge ming
607    @a非洲@9fei zhou@x历史
690    @aK400@v5
701  1 @a科克里-维德罗维什@9ke ke li -wei de luo wei shi@g(Coquery-Vidrovitch, Catherine),@f1935-@4著
702  0 @a金海波,@9jin hai bo@f1981-@4译
801  0 @aCN@b上海新华@c20180901
905    @b1164632-6@dK400@e10@f5
    
    非洲简史= Petite histoire de L'Afrique:从人类起源到种族、宗教与革命/(法) 凯瑟琳·科克里-维德罗维什著/金海波译.-北京:民主与建设出版社,2018
    251页:地图;24cm
    
    
    ISBN 978-7-5139-1853-4:CNY45.00
    非洲是人类文明的发源地之一, 也是地球上人类历史发展最悠久的一片土地。《非洲简史》一书, 面向的是广大对非洲历史充满好奇的读者, 依据多个世纪以来历史学家和其他相关人士的研究与考查结果进行撰写, 并不打算为读者提供一份详尽的非洲历史报告, 但也不想漏过任何一个重要的发展进程。作者希望通过本书, 帮助读者快速、准确了解真正的非洲: 她厚重的历史与文化以及充满活力与希望的未来。
●
相关链接 在E读中查询图书 在五车中查询图书 在当当中查询图书 在豆瓣中查询图书


正题名:非洲简史     索取号:K400/10         预约/预借

序号 登录号 条形码 馆藏地/架位号 状态 备注
1 1164632   211646325   第二样本阅览室/ [索取号:K400/10] 在馆    
2 1164633   211646334   第二借阅区/ [索取号:K400/10] 在馆    
3 1164634   211646343   密集书库-史法系/ [索取号:K400/10] 在馆    
4 1164635   211646352   第二借阅区/ [索取号:K400/10] 在馆    
5 1164636   211646361   第二借阅区/ [索取号:K400/10] 在馆    
唐山师范学院图书馆 欢迎您!
大连网信软件有限公司© 版权所有